| 000 | 01055cad a22002175a 4500 | ||
|---|---|---|---|
| 001 | L149264 | ||
| 008 | 100212e20100211xxk 000 0 eng d | ||
| 035 | _a(Sirsi) u149264 | ||
| 041 | 0 | _aeng | |
| 110 | 2 |
_aEngland and Wales _bEnvironment Agency _92469 |
|
| 245 | 0 | 0 |
_aEnvironment Agency outlines flood investment plans _h[electronic resource] |
| 260 | _c2010 | ||
| 490 |
_aEnvironment Agency Press Release _v11 February 2010 |
||
| 520 | _aFlood prevention investment plans include funds to build new and maintain existing river and coastal defence schemes, develop flood forecasting technologies and heighten public awareness of flood risk. Lists planned schemes by region for the period up to March 2011. | ||
| 590 | _aKA NTK | ||
| 651 | 4 | _aENGLAND AND WALES | |
| 690 |
_aPlanning and development _96259 |
||
| 690 | _aENVIRONMENTAL AND LAND CONSULTANCY-WATER RESOURCE MANAGEMENT-FLOODING | ||
| 856 | 4 | 8 |
_uhttps://www.environment-agency.gov.uk/news/115857.aspx _zView this online document free of charge at www.environment-agency.gov.uk |
| 942 | _n0 | ||
| 999 |
_c82102 _d82102 |
||